书目信息 |
| 题名: |
雇佣劳动与资本
|
|
| 作者: | 马克思 著 ;中共中央马、恩、列、斯著作编译局 译 | |
| 分册: | ||
| 出版信息: | 北京 人民出版社 1961.12 |
|
| 页数: | 71页 | |
| 开本: | 21cm | |
| 丛书名: | ||
| 单 册: | ||
| 中图分类: | A121 | |
| 科图分类: | ||
| 主题词: | 马恩著作--单行本--1847年以前 | |
| 电子资源: | ||
| ISBN: | ||
| 000 | 00732nam0 2200205 45 | |
| 001 | 0181023460 | |
| 005 | 20060727110804.84 | |
| 010 | @dCNY0.25 | |
| 091 | @a1001.521 | |
| 100 | @a20810111d km y0chiy0120 ea | |
| 101 | 0 | @achi |
| 200 | 1 | @a雇佣劳动与资本@AGU YONG LAO DONG YU ZI BEN@f马克思著@FMa Ke Si Zhu@g中共中央马、恩、列、斯著作编译局译@Gzhong gong zhong yang ma、en、lie、si zhu zuo bian yi ju yi |
| 210 | @a北京@c人民出版社@d1961.12 | |
| 215 | @a71页@d21cm | |
| 606 | 0 | @a马恩著作@x单行本@z1847年以前 |
| 690 | @aA121@v3 | |
| 701 | 0 | @a马克思@4著 |
| 712 | 0 | @a中共中央马、恩、列、斯著作编译局@Azhong gong zhong yang ma、en、lie、si zhu zuo bian yi ju@4译 |
| 801 | @aCN@bTSTC@c20060727 | |
| 905 | @dA121@e12:4712@f1@b65423 | |
| 雇佣劳动与资本/马克思著/中共中央马、恩、列、斯著作编译局译.-北京:人民出版社,1961.12 |
| 71页;21cm |
| ISBN :CNY0.25 |
| ● |
| 相关链接 |
|
|
|
|
正题名:雇佣劳动与资本
索取号:A121/12:4712
 
预约/预借
| 序号 | 登录号 | 条形码 | 馆藏地/架位号 | 状态 | 备注 |
| 1 | 0439973 | 204399739 | 密集书库/ [索取号:A121/12:4712] | 在馆 |